Effects of Industry 4.0 on Human Capital and Future of Jobs
Rastúca digitalizácia, automatizácia a robotizácia podnikových procesov vedúca k rozšíreniu pracovísk s vysokou úrovňou zložitosti a potrebe neustáleho vzdelávania zamestnancov. Teoretický výskum problematiky priemyslu 4.0 a jeho vplyvu na pracovnú silu a budúcnosť pracovných miest. Trendy zániku ni...
Salvato in:
| Autore principale: | |
|---|---|
| Altri autori: | |
| Natura: | Capitolo di libro |
| Lingua: | inglese |
| Soggetti: | |
| Tags: |
Nessun Tag, puoi essere il primo ad aggiungerne!!
|
MARC
| LEADER | 00000naa$a2200000$$$4500 | ||
|---|---|---|---|
| 001 | 0283844 | ||
| 005 | 20251020111225.9 | ||
| 041 | 0 | |a eng | |
| 044 | |a SK | ||
| 245 | 1 | 0 | |a Effects of Industry 4.0 on Human Capital and Future of Jobs |c Diana Puhovichová, Nadežda Jankelová |
| 520 | |a Rastúca digitalizácia, automatizácia a robotizácia podnikových procesov vedúca k rozšíreniu pracovísk s vysokou úrovňou zložitosti a potrebe neustáleho vzdelávania zamestnancov. Teoretický výskum problematiky priemyslu 4.0 a jeho vplyvu na pracovnú silu a budúcnosť pracovných miest. Trendy zániku niektorých pracovných miest a vytvárania nových pracovných miest, ktoré koncept priemysel 4.0 ponúka vo forme príležitostí. Prehľad kompetencií pracovníka, ktoré spĺňajú požiadavky éry priemyslu 4.0 a súbor kľúčových riešení pre podniky v oblasti riadenia ľudských zdrojov. | ||
| 610 | 2 | 0 | |a zdroje ľudské |
| 610 | 2 | 0 | |a priemysel 4.0 |
| 610 | 2 | 0 | |a sily pracovné |
| 610 | 2 | 0 | |a miesta pracovné |
| 610 | 2 | 0 | |a pracovníci kvalifikovaní |
| 610 | 2 | 0 | |a schopnosti pracovné |
| 610 | 2 | 0 | |a riadenie ľudských zdrojov |
| 610 | 2 | 0 | |a prostredie podnikateľské |
| 100 | 1 | |a Puhovichová, Diana, 1994- | |
| 700 | 1 | |a Jankelová, Nadežda, 1966- | |